Rozpoznaj pro fortnite gracza po wygranych $ - Statystyki

Ogólne statystyki
  • Ten quiz został rozwiązany 448 razy
  • Średni wynik to 8 z 15
Statystyki odpowiedzi
$ Odpowiedź % Poprawnych
$463,010 Setty
99%
$525,675 Kami
98%
$454,290 Teeq
79%
$71,955 Kubx
78%
$99,355 Artor
71%
$95,312 Rakso
57%
$41,480 advise
45%
$32,045 pkr
45%
$36,352 packo
43%
$17,635 jarkos
36%
$45,128 kefyy
33%
$38,820 mlody
29%
$20,501 crusti
21%
$27,821 krejz
20%
$15,400 j4chu
9%
Nie znaleziono quizów pasujących do podanych kryteriów
Rozkład punktacji
Procent ludzi z każdym wynikiem
Percentyl według liczby udzielonych odpowiedzi
Twoja historia wyników
Nie rozwiązałeś tego quizu